Responses for Show #4080 - Friday, May 3, 2002

2002 Million Dollar Masters quarterfinal game 3.

Contestants

[<< previous game]

Eric Newhouse, a director of technical assistance from Vermillion, South Dakota

Leslie Frates, a Spanish teacher from Hayward, California

Chuck Forrest, a lawyer and CEO from London, United Kingdom

[next game >>]

Jeopardy! Round responses

THE NEW YORK TIMES HEADLINES
NIETZSCHE, I'M GLAD TO MEETCHA
CLASSIC TV
YOUR FEMININE SIDE
MIND YOUR OWN BUSINESS
18 YEARS OF LEFTOVERS
(Alex: Leftover clues from our shows.)
    $200 2
2000

Chuck
    $200 13
(Leslie: What is patience?)
(Eric: What is charity?)

hope

ChuckLeslieEric
    $200 3
My Three Sons

Chuck
    $200 7
a wet nurse

Chuck
    $200 4
Harley-Davidson

Chuck
    $200 1
Brooke Shields

Chuck
    $400 5
AT&T

Chuck
    $400 20
(Eric: Uh, what is religion?)
(Alex: Religion? Be a little more specific.)

Christianity (or alcohol)

Eric
    $400 14
I've Got a Secret

Leslie
    $400 10
"Mr. Right"

Leslie
    $400 18
the Jaguar

Leslie
    $400 6
(Alex: [*], at the White House.)
(Leslie: All right!)

the Blue Room

Leslie
    $600 8
the United Nations Organization

Chuck
    $600 21
Fritz

Chuck
    $600 15
Barnaby Jones

Leslie
    $600 11
Think of England

Chuck
    $1,000 22
(Alex: Yes, [*] Doyle, [*] Chicken.)

Popeyes

Chuck
    $600 9
the gods

Leslie
    $800 12
Alger Hiss

Eric
    $800 28
Bayreuth

Chuck
    $800 16
(Eric: What is Dark Shadows?)
...
(Alex: Kolchak, yes.)

The Night Stalker

LeslieEric
    $800 19
Intuition

Chuck
    $800 27
Old Navy

Eric
    $800 24
Edward Lear

Leslie
    $1000 23
Trotsky

Chuck
    $1000 29
the Franco-Prussian War

Chuck
    $1000 17
Car 54, Where Are You?

Chuck
    $1000 26
Paco Rabanne

Triple Stumper
    $1000 30
Ricola

Leslie
    $1000 25
(Chuck: Who is Lafayette?)

Rochambeau

Chuck
Triple Stumper

Scores at the first commercial break (after clue 15):

Chuck Leslie Eric
$2,800 $2,200 $600

Scores at the end of the Jeopardy! Round:

Chuck Leslie Eric
$8,000 $5,200 $1,000

Double Jeopardy! Round responses

AUTHORS & THEIR CHARACTERS
BEST DRAMATIC ACTOR TONYS
"C" IN SCIENCE
KING ME!
TRAVEL FUN
BEFORE & AFTER
    $400 5
Simone de Beauvoir

Chuck
    $400 26
(Eric: Who is Dustin Hoffman?)

Brian Dennehy

Eric
Triple Stumper
    $400 9
cortex

Eric
    $400 10
Ferdinand

Eric
    $400 12
(Chuck: What is Edam?)

Gouda

ChuckEric
    $400 6
"O Captain! My Captain! & Tennille"

Eric
    $800 8
Anne Brontë

Chuck
    $800 27
James Earl Jones

Leslie
    $800 16
coaxial

Eric
    $800 4
King Hussein

Chuck
    $800 21
Belgium

Eric
    $800 7
Elton John Foster Dulles

Leslie
    $1200 14
Women in Love

Leslie
    $1200 28
Hal Holbrook

Leslie
    $2,500 18
the control group

Leslie
    $1200 3
Pepin the Short

Eric
    $1200 22
Treetops

Chuck
    $1200 11
Jerry Lewis Carroll

Leslie
    $1600 15
George Sand

Chuck
    $1600 29
Ralph Bellamy

Leslie
    $1600 19
a carapace

Leslie
    $3,000 2
(Alex: Just like that. Now Eric, this is your first appearance since we changed the dollar values. You called for that clue for $1,000 a moment ago, instead of $2,000. So now you have a chance to risk up to the full amount of $3,000, which you have in front of you.)
(Eric: Force of habit. $3,000 please.)
(Alex: All right. Here is the clue in KING ME!)

Ludwig II

Eric
    $1600 24
Caracalla

Leslie
    $1600 13
Arlene Francis the Talking Mule

Chuck
    $2000 23
Eudora Welty

Chuck
    $2000 30
(Chuck: Who is Robert De Niro?)

Ralph Fiennes

Chuck
Triple Stumper
    $2000 20
(Charles Augustin de) Coulomb

Chuck
    $2000 1
(Eric: [Selecting the first clue] Yeah, I'm still here. Let me have KING ME! $1000.)

Thailand

Eric
    $2000 25
Gaudi

Leslie
    $2000 17
Aaron Burr Tillstrom

Leslie

Scores at the end of the Double Jeopardy! Round:

Chuck Leslie Eric
$16,000 $21,700 $10,000

Final Jeopardy! Round responses

FAMOUS SHIPS
(Alex: In 1912, the Titanic sank, and this ship came to the rescue.)
[ERRATUM: The shipwreck discovered in 1999 was later determined to be the Isis. The wreck of the ship identified in the accepted correct response was discovered in 2000, still before the time of this clue.]
EricWhat is the 'Carpathia'?
$10,000
ChuckWhat is the Carpathia?
$16,000
LeslieWhat is Carpathia?
$300
the Carpathia

Final scores:

Chuck Leslie Eric
$32,000 $22,000 $20,000
Automatic semifinalist 2nd place: $10,000 if eliminated 3rd place: $10,000 if eliminated

Game dynamics:

Coryat scores:

Chuck Leslie Eric
$15,600 $20,400 $8,600
24 R
(including 1 DD),
3 W
20 R
(including 1 DD),
1 W
12 R
(including 1 DD),
3 W

Combined Coryat: $44,600

[game clues] [game scores] [suggest correction]

Game tape date: 2002-03-24
The J! Archive is created by fans, for fans. Scraping, republication, monetization, and malicious use prohibited; this site may use cookies and collect identifying information. See terms. The Jeopardy! game show and all elements thereof, including but not limited to copyright and trademark thereto, are the property of Jeopardy Productions, Inc. and are protected under law. This website is not affiliated with, sponsored by, or operated by Jeopardy Productions, Inc. Join the discussion at JBoard.tv.